书目信息 |
| 题名: |
电影美学
|
|
| 作者: | 贝尔 著 | |
| 分册: | ||
| 出版信息: | 北京 商务印书馆 1998.01 |
|
| 页数: | 165页 | |
| 开本: | 32开 | |
| 丛书名: | ||
| 单 册: | ||
| 中图分类: | J901 | |
| 科图分类: | ||
| 主题词: | 电影 , 电视--艺术 | |
| 电子资源: | ||
| ISBN: | 7-100-02319-X | |
| 000 | 00539nam0 2200205 45 | |
| 001 | 0009182143 | |
| 005 | 20000918211041.7 | |
| 010 | @a7-100-02319-X@d7.50元 | |
| 100 | @a20000918d1998 km y0chiy0120 ea | |
| 101 | 0 | @achi |
| 105 | @a z 000yy | |
| 200 | 1 | @a电影美学@ADian Ying Mei Xue@f(法)贝尔著@F(Fa)Bei Er Zhu |
| 210 | @a北京@c商务印书馆@d1998.01 | |
| 215 | @a165页@d32开 | |
| 606 | 0 | @a电影 |
| 606 | 0 | @a电视@x艺术 |
| 690 | @aJ901@v3 | |
| 701 | 0 | @a贝尔@4著 |
| 801 | @aCN@bPftUser@c20000918 | |
| 905 | @b147989-991@dJ901@eB3290@f3 | |
| 电影美学/(法)贝尔著.-北京:商务印书馆,1998.01 |
| 165页;32开 |
| ISBN 7-100-02319-X:7.50元 |
| ● |
| 相关链接 |
|
|
|
正题名:电影美学
索取号:J901/B3290
 
预约/预借
| 序号 | 登录号 | 条形码 | 馆藏地/架位号 | 状态 | 备注 |
| 1 | 147989 | 201479890 | 社科库309/309社科库 96排4列2层/ [索取号:J901/B3290] | 在馆 | |
| 2 | 147990 | 201479907 | 社科库309/309社科库 96排4列2层/ [索取号:J901/B3290] | 在馆 | |
| 3 | 147991 | 201479916 | 社科库309/309社科库 96排4列2层/ [索取号:J901/B3290] | 在馆 |